000 01028nam a2200277Ia 4500
003 OSt
005 20221005111304.0
006 a|||||r|||| 00| 0
007 ta
008 221004b |||||||| |||| 00| 0 hin d
020 _a9789350725481 (hbk)
_c600
024 _a17406
037 _b523, 21/03/2015, Vani Prakashan
_cTextual
040 _aCRL
_cCRL
_bhin
041 _2hin
_ahin
082 _aO168,6N52x, 152Q3
100 _aराना, मुनव्वर
245 0 _aबग़ैर नक़्शे का मकान
246 _aBaग़air nak़she kā makāna
260 _aनई दिल्ली
_bवाणी प्रकाशन भारत
_c2013
300 _a182पृ0
_ccm.
490 _aजो हम पे गुज़री, सो गुज़री; 1
650 _aहिन्दी साहित्य
942 _hO168,6N52x, 152Q3
_cTEXL
_2cc
999 _c1021394
_d1021394